My little Pony: Friendship is Magic - Songs Quiz - Statistics

General Stats
  • This quiz has been taken 43 times
  • The average score is 5 of 13
Answer Stats
Hint Answer % Correct
Season 2 Episode 26 This Day Aria
61%
Season 1 Episode 26 At The Gala
58%
Season 2 Episode 18 Smile Song
56%
Season 1 Episode 11 Winter Wrap Up
53%
Season 2 Episode 26 BBBFF
39%
Season 2 Episode 26 Love Is In Bloom
39%
Season 1 Episode 14 Art of the Dress
33%
Season 1 Episode 2 Giggle at the Ghostly
33%
Season 2 Episode 26 This Day Aria Reprise
22%
Season 2 Episode 7 Find a Pet Song
19%
Season 1 Episode 17 Hush Now, Quiet Now
19%
Season 1 Episode 18 Cutie Mark Crusaders song
17%
Season 2 Episode 11 The Heart Carol
8%
No matching quizzes found
Score Distribution
Percent of People with Each Score
Percentile by Number Answered
Your Score History
You have not taken this quiz